Dracula (JENNIE Remix) Tame Impala ft. Jennie lyrics - Statistics

General Stats
  • This quiz has been taken 56 times
  • The average score is 265 of 396
Answer Stats
% Correct
a
94%
I
94%
the
92%
(Dracula,
86%
Dracula)
86%
Dracula
86%
(Dracula)
86%
in
86%
in,
86%
In
86%
Jennie,
86%
and
83%
(haha)
83%
(hahaha,
83%
hahaha)
83%
(hahaha)
83%
light
83%
me
83%
me)
83%
me,
83%
me?
83%
me;
83%
Oh-oh-oh-oh-oh,
83%
oh-oh-oh-oh-oh
83%
oh-oh-oh-oh-oh,
83%
(oh-oh-oh-oh-oh,
83%
oh-oh-oh-oh-oh)
83%
up,
83%
up?
83%
up
83%
you
83%
(you
83%
(You
83%
(oh,
81%
oh)
81%
are
78%
are)
78%
be
78%
dark
78%
dark)
78%
do
78%
is
78%
just
78%
my
78%
”Shut
78%
where
78%
car”
75%
feel
75%
it
75%
run
75%
(Run
75%
(run
75%
don’t
72%
get
72%
it’s
72%
morning
72%
Friends
69%
I’m
69%
like
69%
right
69%
saying,
69%
sun)
69%
darkness,
67%
end,
67%
from
67%
know
67%
never
67%
(Never
67%
wanna
67%
what
67%
feeling
64%
fuckin’
64%
Kevin,
64%
leave
64%
leave)
64%
leave;
64%
night
64%
now
64%
bizarre
61%
(bizarre)
61%
her)
61%
hope
61%
Pablo Escobar
61%
we
61%
hey,
58%
of
58%
this
58%
to
58%
(To
58%
what’s
58%
blue,
56%
makes
56%
movie
56%
pretty
56%
pull
56%
shadows,
56%
star
56%
sunlight,
56%
would
56%
come
53%
here
53%
(here
53%
keep
53%
love)
53%
love
53%
time
53%
turning
53%
almost
50%
back
50%
comin’
50%
(comin’
50%
day
50%
Mr. Charisma,
50%
on
50%
so
50%
spectacular?
50%
spot
50%
still
50%
view
50%
I’ll
47%
over,
47%
they
47%
yeah,
47%
daylight
44%
ever
44%
far
44%
has
44%
isn’t
44%
see
44%
think
44%
too
44%
afar
42%
afar)
42%
caving
42%
late,
42%
saw
42%
verge
42%
dream
39%
sleep
39%
stop
39%
about
36%
let
36%
let’s
36%
won’t
36%
but
33%
’cause
33%
glowing,
31%
mean?
31%
(mean)
31%
moment
31%
please,
31%
someone
31%
(someone
31%
both
28%
might
28%
(mm)
28%
more
28%
got
25%
buy
22%
floor,
22%
teeth,
22%
lip-stain
19%
needin’
19%
smoke
19%
clear
17%
Sky
17%
sinking
11%
bass
8%
blow
8%
’bout
8%
rim,
8%
No matching quizzes found
Score Distribution
Percent of People with Each Score
Percentile by Number Answered
Your Score History
You have not taken this quiz